| 000 | 01673cam a22004694i 4500 | ||
|---|---|---|---|
| 003 | PE-LiUPU | ||
| 005 | 20250731172901.0 | ||
| 008 | 17019 s2016 txt r b 001 0 spa d | ||
| 020 | _a158743346X | ||
| 020 | _a9781587433467 | ||
| 035 | _a(Sirsi) a165973 | ||
| 040 | _aPE-LiUPU | ||
| 049 | _aPRUA | ||
| 082 | 0 | 4 |
_a222.1207 _bW54 _223 |
| 100 | 1 |
_aWhite, Thomas Joseph, _eautor. |
|
| 245 | 1 | 2 |
_aExodus / _cThomas Joseph White. |
| 264 |
_aGrand Rapids: _bBrazos Press. _c 2016. |
||
| 300 |
_a316 páginas; _c24 centimetros. |
||
| 336 |
_atext _2rdacontent |
||
| 337 |
_aunmediated _2rdamedia |
||
| 338 |
_avolume _2rdacarrier |
||
| 504 | _aBibliografía : páginas 305-306. | ||
| 504 | _aIndices : páginas 307-316. | ||
| 505 | 0 | 4 | _a1. Deliverance from Egypt: Exodus 1-12 -- 2. Wilderness: Exodus 13-18 -- 3. Covenant: Exodus 19-24 -- 4. Cultic rituals: Exodus 25-31 -- 5. Fall and eschatological restoration: Exodus 32-40. Epilogue: The heavenly temple and the Lamb who was slain. Coda: The divine name and the metaphysics of Exodus. |
| 526 | _aSEG42 | ||
| 526 | _aSEG41 | ||
| 526 | _aSEG40 | ||
| 526 | _aSEG39 | ||
| 526 | _aP94 | ||
| 526 | _aP87 | ||
| 526 | _aP86 | ||
| 526 | _aP85 | ||
| 526 | _aP77 | ||
| 526 | _aP76 | ||
| 526 | _aP35 | ||
| 650 | 0 | 4 |
_aBiblia. _pExodo. |
| 650 | _aComentarios. | ||
| 596 | _a1 | ||
| 942 |
_2ddc _cBOOK |
||
| 999 |
_a222.1207 W54 _wLC _c14710 _i75539 _d14710 _e2017-6-28 _f2021-11-9 _g5 _lCCODEBUL1 _mBUL _n4 _p35.00 _q3 _r0 _sY _tBOOK _u2017-1-11 _xTEOLOGIA _PP85 _0COMPRA _o.STAFF. Colección Teología |
||
| 980 |
_81 _gALBERTO SANCHEZ Responsable de Automatización |
||